000 00279nam a22001337a 4500
003 SGT
082 _a617.7
_bO13M
100 _aMUKHERJEE, PK
245 _aOPHTHALMIC ASSISTANT
260 _aINDIA
_bJAYPEE
_c2013
300 _a406
650 _aOPHTHALMOLOGY
942 _2ddc
_cBK
999 _c10524
_d10524